Trabajo social y educación popular con niños. Módulo II: vida cotidiana y mundo interno del niño, curso de educación a distancia /
Gespeichert in:
| 1. Verfasser: | |
|---|---|
| Weitere Verfasser: | , |
| Format: | Buch |
| Sprache: | Spanish |
| Veröffentlicht: |
Lima, Perú
Centro Latinoamericano de Trabajo Social, CELATS. Proyecto Educación a Distancia. UNESCO. CEAAL.
1991
|
| Ausgabe: | 1 era. edición |
| Schlagworte: | |
| Tags: |
Tag hinzufügen
Keine Tags, Fügen Sie den ersten Tag hinzu!
|
MARC
| LEADER | 00000nam a22000007a 4500 | ||
|---|---|---|---|
| 003 | cru CIDCACS/IIS | ||
| 005 | 20190213062532.0 | ||
| 008 | 170512b1991 pe d|||| |||| 00| | spa d | ||
| 999 | |c 19312 |d 19312 | ||
| 020 | |a 84-89298-12-2 | ||
| 040 | |c cru CIDCACS/IIS | ||
| 090 | |a 06.03.04 C976c | ||
| 100 | 1 | |9 4705 |a Herrera A., Luis | |
| 245 | 1 | 0 | |a Trabajo social y educación popular con niños. |b Módulo II: vida cotidiana y mundo interno del niño, curso de educación a distancia / |c Autores del texto: Luis Herrera A., Ximena Rey de Castro I. Guías de evaluación: Luis Herrera A., Ximena Rey de Castro I., Ana María de la Jara. |
| 250 | |a 1 era. edición |b Cuidado de la edición: Ana María de la Jara | ||
| 260 | |a Lima, Perú |b Centro Latinoamericano de Trabajo Social, CELATS. Proyecto Educación a Distancia. |b UNESCO. |b CEAAL. |c 1991 | ||
| 300 | |a 151 páginas. | ||
| 500 | |a Colección Alforja | ||
| 650 | 1 | 0 | |9 291 |a EDUCACION POPULAR |
| 650 | 1 | 0 | |9 850 |a TRABAJO SOCIAL |
| 650 | 0 | |9 3201 |a NIÑOS | |
| 650 | 1 | 0 | |9 4339 |a VIDA COTIDIANA |
| 650 | 1 | 0 | |9 4716 |a DESARROLLO DEL NINO |
| 650 | 1 | 0 | |a SOCIALIZACION |9 2093 |
| 650 | 1 | 0 | |9 2449 |a SALUD |
| 650 | 1 | 0 | |9 992 |a TECNICAS DE EVALUACION |
| 650 | 1 | 0 | |9 1426 |a ASPECTOS PSICOLOGICOS |
| 650 | 1 | 0 | |9 4717 |a NINAS |
| 650 | 1 | 0 | |9 391 |a COMPORTAMIENTO SOCIAL |
| 650 | 4 | |9 2644 |a INDEPENDENCIA | |
| 650 | 1 | 0 | |9 91 |a FAMILIA |
| 651 | 1 | 0 | |9 17 |a AMERICA LATINA |
| 700 | 1 | |9 4699 |a Jara, Ana María de la | |
| 700 | 1 | |9 4720 |a Rey de Castro I., Ximena | |
| 942 | |2 ddc |c LI | ||



